00986nam a22001937a 4500999001700000082001200017100007800029245012800107260006800235300001000303500004800313546001200361650007400373650004200447650004900489942001200538952013600550952010600686 c37017d37017 aRS.0898 aSingh, Nain.uDepartmenet Of Education H.P University,Summer HillvShimla aEducatonal Status Of Scheduled Castes in Himachal Pardesh and Uttarakhand: bAttainments and Challenges /cProf. Nain Singh aNer Delhi :bIndian Council of Social Science Research , c2014 a388p. aPart-I Himachal Pradesh Part-II Uttarakhand aEnglish aEducationxDiscrimination in educationzUttarakhandzHimachal Pradesh aDalitszUttarakhandzHimachal Pradesh aSocial statuszUttarakhandzHimachal Pradesh 2ddccRP 001040718IRPaNASSDOCbNASSDOCd2021-11-29eGifted by: RP Division ICSSRl0oRS.0898p51792r2022-06-20 00:00:00w2022-06-20yRP 001040718IRPaNASSDOCbNASSDOCd2021-11-29l0oRS.0898p51799r2022-06-21 00:00:00w2022-06-21yRP